| 000 | 00411nam a2200169Ia 4500 | ||
|---|---|---|---|
| 005 | 20250508160842.0 | ||
| 008 | 008 250505s9999 xx 000 0 hin d | ||
| 037 | _aTextual | ||
| 040 |
_aFEDL _beng _cFEDL |
||
| 041 |
_ahin _2eng |
||
| 084 |
_aFH, BAS _qFEDL |
||
| 100 |
_aBasu Menaj _9769548 |
||
| 245 | 0 | _aSetubandha | |
| 300 | _a335p. | ||
| 942 |
_cTEXL _hFH, BAS |
||
| 999 |
_c1366993 _d1366993 |
||